Sports Quiz

Random Sports or MLB Quiz
Score 0/31 Timer 10:00
2 Plays Today
Hint Answer % Correct
NBALeBron James
95.7%
NBATim Duncan
89.2%
NFLPeyton Manning
87.1%
NBAKyrie Irving
80.8%
NBADavid Robinson
79.3%
NBAMagic Johnson
76.9%
NBAHakeem Olajuwon
74.4%
NFLTroy Aikman
70.3%
NHLSidney Crosby
61.6%
NBABill Walton
53.8%
NBAJames Worthy
52.7%
MLBStephen Strasburg
50.4%
NFLTerry Bradshaw
49.5%
MLBChipper Jones
47.8%
NFLEd 'Too Tall' Jones
47.6%
NFLEric Fisher
47.3%
Hint Answer % Correct
NHLPatrick Kane
46.7%
NFLDrew Bledsoe
42.9%
NHLMario Lemieux
41.7%
MLBCarlos Correa
41.4%
NFLOrlando Pace
31.4%
MLBDarryl Strawberry
30.8%
NHLMike Modano
29%
NHLMarc-Andre Fleury
22.7%
NHLVinny LeCavalier
22.3%
NHLGuy Lafleur
15.2%
NFLRussell Maryland
14.2%
NHLDenis Potvin
13.6%
MLBPat Burrell
12.4%
MLBDarin Erstad
10.9%
MLBLuke Hochevar
8.6%
Remove Ads.
Support Sporcle.
Get the best of Sporcle when you Go Orange. This ad-free experience offers more features, more stats, and more fun while also helping to support Sporcle. Thank you for becoming a member.

You're not logged in!

Compare scores with friends on all Sporcle quizzes.
OR
Log In

Sporcle TV

Today on Sporcle TV


Watch our educational content, quiz creation guides, and fun videos on Sporcle TV.

Show Comments

Extras

Top Quizzes Today


Score Distribution

Paid Content

Your Account Isn't Verified!

In order to create a playlist on Sporcle, you need to verify the email address you used during registration. Go to your Sporcle Settings to finish the process.

Report this User

Report this user for behavior that violates our Community Guidelines.

Details: